00368ntaaa2200145 45000030003000000050017000030080021000200400037000410820017000781000024000952450035001192500042001543000011001966500015002070120251027201557.00714s1973 ag 01  aAR-BaBNbspacAR-BaBNeaacrdRIC a230.0000 H81 aHough, Lynn Harold  aFe práctica del Cristianismo a1 ed. : bImprenta Metodista, cc/926 a183 p. aTeología